Selected international human rights instruments. (Record no. 149982)
[ view plain ]
| 000 -LEADER | |
|---|---|
| fixed length control field | 00719cam1a220020500 4500 |
| 001 - CONTROL NUMBER | |
| control field | zam00000724 |
| 008 - FIXED-LENGTH DATA ELEMENTS--GENERAL INFORMATION | |
| fixed length control field | 951128s1990 xx eng u |
| 020 ## - INTERNATIONAL STANDARD BOOK NUMBER | |
| International Standard Book Number | 0870843680 |
| 035 ## - SYSTEM CONTROL NUMBER | |
| System control number | (Sirsi) r87877 |
| 035 ## - SYSTEM CONTROL NUMBER | |
| System control number | (MACHINE)01025 |
| 100 1# - MAIN ENTRY--PERSONAL NAME | |
| Personal name | Newman, Frank. |
| Linkage | A47367.1 |
| 245 10 - TITLE STATEMENT | |
| Title | Selected international human rights instruments. |
| 260 ## - PUBLICATION, DISTRIBUTION, ETC. | |
| Place of publication, distribution, etc. | Cincinnati : |
| Name of publisher, distributor, etc. | Anderson Publishing, |
| Date of publication, distribution, etc. | 1990. |
| 650 ## - SUBJECT ADDED ENTRY--TOPICAL TERM | |
| Topical term or geographic name entry element | Human rights -- Handbooks, manuals etc. |
| General subdivision | Human rights -- Handbooks, manuals etc. |
| Linkage | S36478.1 |
| 700 ## - ADDED ENTRY--PERSONAL NAME | |
| Personal name | F. Newman and David Weissbrodt. |
| Linkage | A47368.1 |
| 700 1# - ADDED ENTRY--PERSONAL NAME | |
| Personal name | Weissbrodt, David S. |
| Linkage | A47369.1 |
| 949 ## - LOCAL PROCESSING INFORMATION (OCLC) | |
| a | KJ/605 |
| w | lcc |
| i | -122826 |
| p | 2500 |
| t | BOOK |
| l | ON-SHELF |
| 900 ## - EQUIVALENCE OR CROSS-REFERENCE-PERSONAL NAME [LOCAL, CANADA] | |
| -- | 1990 |
| Field link and sequence number | KJ/605 |
| -- | NEW |
| Titles and other words associated with a name | 1 |
| Name of part/section of a work | 2500 |
No items available.